中国基督教史略 (Record no. 27079)
[ view plain ]
| 000 -LEADER | |
|---|---|
| fixed length control field | 00584nam a2200205Ia 4500 |
| 008 - FIXED-LENGTH DATA ELEMENTS--GENERAL INFORMATION | |
| fixed length control field | 200901s9999||||xx |||||||||||||| ||und|| |
| 020 ## - INTERNATIONAL STANDARD BOOK NUMBER | |
| International Standard Book Number | 7801490592 |
| 020 ## - INTERNATIONAL STANDARD BOOK NUMBER | |
| International Standard Book Number | 9787801490599 |
| 041 ## - LANGUAGE CODE | |
| Language code of text/sound track or separate title | chi |
| 050 ## - LIBRARY OF CONGRESS CALL NUMBER | |
| Classification number | BR1285 |
| Item number | .Y48 1998 |
| 100 ## - MAIN ENTRY--PERSONAL NAME | |
| Personal name | 李宽淑 |
| 245 #0 - TITLE STATEMENT | |
| Title | 中国基督教史略 |
| Remainder of title | / |
| Statement of responsibility, etc. | 李宽淑 |
| 246 ## - VARYING FORM OF TITLE | |
| Title proper/short title | 中國基督教史略 |
| 260 ## - PUBLICATION, DISTRIBUTION, ETC. | |
| Place of publication, distribution, etc. | 北京 : |
| Name of publisher, distributor, etc. | 社会科学文献出版社, |
| Date of publication, distribution, etc. | 1998 |
| 300 ## - PHYSICAL DESCRIPTION | |
| Extent | 7, 2, 351 p. |
| Other physical details | ; |
| Dimensions | 20 cm. |
| 650 ## - SUBJECT ADDED ENTRY--TOPICAL TERM | |
| Topical term or geographic name entry element | China -- Church history. |
| 650 ## - SUBJECT ADDED ENTRY--TOPICAL TERM | |
| Topical term or geographic name entry element | Christianity -- China. |
| 650 ## - SUBJECT ADDED ENTRY--TOPICAL TERM | |
| Topical term or geographic name entry element | Missions -- China -- History. |
| Withdrawn status | Lost status | Damaged status | Not for loan | Home library | Current library | Shelving location | Date acquired | Total Checkouts | Full call number | Barcode | Date last seen | Price effective from | Koha item type |
|---|---|---|---|---|---|---|---|---|---|---|---|---|---|
| GETS Theological Seminary Library | GETS Theological Seminary Library | General Stacks | 09/01/2020 | BR1285 .Y48 1998 | 00014283 | 09/01/2020 | 09/01/2020 | Chinese Book |